| 000 | 01517 a2200301 4500 | ||
|---|---|---|---|
| 003 | Nust | ||
| 005 | 20220818101828.0 | ||
| 010 | _a 2004301642 | ||
| 020 | _a0470867515 | ||
| 035 | _a(OCoLC)ocm55994733 | ||
| 040 | _cNust | ||
| 082 | 0 | 0 | _a621.3822,GHA |
| 100 | 1 |
_aGhavami, M. _997921 |
|
| 245 | 1 | 0 |
_aUltra-wideband signals and systems in communication engineering / _cM. Ghavami, L. B. Michael, R. Kohno. |
| 260 |
_aChichester : _bJohn Wiley & Sons, _cc2004. |
||
| 300 |
_axxviii, 247 p. : _bill. ; _c26 cm. |
||
| 505 | _aBasic properties of UWB signals and systems (Page-7), Generation of ultra wideband waveforms (Page-25), Signal processing techniques for UWB systems (Page-63), Ultra wideband channel modeling (Page-97), Ultra wideband communications (Page-125), Ultra wideband antennas and arrays (Page-161), Position and location with ultra wideband signals (Page-193),,Applications using ultra wideband systems (Page-221), | ||
| 650 | 0 |
_aAntenna arrays. _997922 |
|
| 650 | 0 |
_aBroadband communication systems. _93503 |
|
| 650 | 0 | _aSignal processing. | |
| 650 | 0 | _aTelecommunication engineering | |
| 700 | 1 |
_aKohno, R. _997923 |
|
| 700 | 1 |
_aMichael, L. B. _997924 |
|
| 856 | 4 | 1 |
_3Contributor biographical information _uhttp://www.loc.gov/catdir/enhancements/fy0704/2004301642-b.html |
| 856 | 4 | 1 |
_3Publisher description _uhttp://www.loc.gov/catdir/enhancements/fy0620/2004301642-d.html |
| 856 | 4 | 1 |
_3Table of contents only _uhttp://www.loc.gov/catdir/toc/wiley051/2004301642.html |
| 942 |
_cREF _2ddc |
||
| 999 |
_c198630 _d198630 |
||